Tilastot visalle Saint Lucia -visa

Klikkaa tästä pelataksesi tätä visaa!

Yleistilastot

  • Tätä visaa on pelattu 152 kertaa
  • Keskiarvotulos 11 / 16

Vastaustilastot

VihjeVastaus% Oikein
Virallinen kieliEnglanti
96%
Meri, jossa Saint Lucia sijaitseeKaribianmeri
96%
Valtio, josta Saint Lucia itsenäistyi 1979Yhdistynyt kuningaskunta
93%
Hedelmä, joka kattaa 22 % viennistäBanaani
86%
Suosituin urheilulajiKriketti
85%
Valtio Saint Lucian eteläpuolellaSaint Vincent ja Grenadiinit
85%
Valuutta{Itä-Karibia}n dollari
80%
PääkaupunkiCastries
72%
Yllä oleva on osa tätä saaristoaPienet Antillit
71%
Saintlucialaiset ovat saaneet tällaisia palkintoja eniten asukasta kohdenNobel-palkintoja
68%
Ranskalle kuuluva saari Saint Lucian pohjoispuolellaMartinique
60%
Saint Lucian kansallislintu on eräänlainen _____Papukaija
56%
Saarijono, johon Saint Lucia kuuluu{Windward}saaret
55%
Nimi, jolla alkuperäiset asukkaat eli arawakit kutsuivat saarta (vihje: matelija){Iguaanien} maa
39%
Federaatio, jonka osa Saint Lucia oli 1958–1962{Länsi-Intian} federaatio
39%
Toiseksi suurin kaupunkiGros {Islet}
35%

Tulosjakauma

Persentiili vastausten määrän mukaan

Jokaisen tuloksen saaneiden osuus

Tuloshistoriasi

Et ole pelannut tätä visaa